Ванновского П.

RUSMARC
00005269nac2a22003733x 450
001db142f6a-b4eb-4d0a-bb7a-5995f3754cff
00520240819205322.0
100##$a20240716l1880 k y0rusy50 ca
1010#$arus
102##$aRU
105##$ay z |||||
1220#$ad18800228
2001#$aВанновского П.
$j28.02.1880
215##$a1 лист
$d32,5 х 24,2
251##$cДело
300##$aЗаголовок дела на папке: Просительное письмо П. Ванновского к Лорис-Меликову, Михаилу Тариэловичу
300##$aЛист: чистый лист
300##$aРукописный текст
325##$aЗамикрофильмировано
330##$aВходит в раздел описи: Письма разных лиц к Лорис-Меликову
461#0$1001cda3d175-ae4a-411a-8dea-9cc20fb178f6
$12001
$aЛорис-Меликов Михаил Тариелович, граф, министр внутренних дел, главный начальник "верховной распорядительной комиссии по охранению государственного порядка и общественного спокойствия", генерал от кавалерии
$1251
$cФонд
$1852
$j569
462#0$1001163e060a-d7cc-404d-90ee-e28c9801971b
$12001
$aОпись дел фонда М. Т. Лорис-Меликова за 1858-1915 гг.
$vД. 157
$1251
$cОпись
$1852
$j1
5171#$aПросительное письмо П. Ванновского к Лорис-Меликову, Михаилу Тариэловичу
600#1$aЛорис-Меликов
$bМ. Т.
$gМихаил Тариэлович
600#1$aВанновский
$bП.
605##$3DITM\AF\0000002775
$aВласть
$lколлекция
$2acquisition_prlib
6101#$aПросительные письма
686##$a63.3(2)535-332ю1
$cИстория
$2rubbk
686##$a67.400.6ю1
$cПраво
$2rubbk
700#1$aВанновский
$bП.
702#1$aЛорис-Меликов
$bМ. Т.
$gМихаил Тариэлович
$4660
801#0$aRU
$bGA_RF
801#1$aRU
$bГлавНИВЦ
$c20240716
$2rusmarc
801#2$aRU
$bПБ им. Б.Н. Ельцина
$c20240819
$gRCR
$2rusmarc
852##$aГА РФ
$j157
937##$d193625356
$hГАРФ
035##$aRuPRLIB51076515
856##$uhttp://readingroom.main.prlib.ru/item.aspx?id_node=n193625356&mode=full
Формат отображения